000
00216nam a2200097Ia 4500
008
240331s9999 xx 000 0 und d
082
_b
SEN
100
_a
Seneviratne, M
245
0
_a
Leaves from the Asvattha
942
_c
L
999
_c
4342
_d
4342